000 00342nab a22001097u 4500
008 130520b1984 xxu||||| |||| 00| 0 spa d
041 _aspa
100 1 _aZarco Mera, C.
_967345
245 0 0 _aLa vocación y la misión del animador en la comunidad
_cC. Zarco Mera
773 0 _tConcilium
_gV.2,1984,págs.407-410
_x0210-1041
_wRev134
942 _cAR
999 _c355133
_d355133